[Event "HUN-chT2 Toth 1718"]
[Site "Hungary"]
[Date "2017.11.26"]
[Round "4.10"]
[White "Brhlik, Gyorgy"]
[Black "Kopias, Ferenc"]
[Result "1-0"]
[WhiteElo "1914"]
[BlackElo "1821"]
[PlyCount "147"]
[EventDate "2017.09.24"]
[EventType "team-tourn"]
[EventRounds "11"]
[EventCountry "HUN"]
[SourceTitle "EXT 2021"]
[Source "ChessBase"]
[SourceDate "2020.10.23"]
[SourceVersion "1"]
[SourceVersionDate "2020.10.23"]
[SourceQuality "1"]
[WhiteTeam "Bekes"]
[BlackTeam "Mako Duocor II"]
[WhiteTeamCountry "HUN"]
[BlackTeamCountry "HUN"]

1. Nf3 f5 2. d4 Nf6 3. g3 g6 4. Bg2 Bg7 5. c4 d6 6. Nc3 0-0 7. 0-0 Nc6 8. Bg5 Ne4 9. Be3 Nxc3 10. bxc3 e5 11. Qd2 Na5 12. dxe5 dxe5 13. Bg5 Qxd2 14. Nxd2 Be6 15. Nb3 Nxb3 16. axb3 e4 17. Rfc1 Rf7 18. f3 exf3 19. Bxf3 c6 20. Be3 a6 21. Bd4 f4 22. Bxg7 Kxg7 23. Rd1 fxg3 24. hxg3 Rd7 25. Rxd7+ Bxd7 26. Rd1 Be6 27. Rd4 a5 28. Kf2 a4 29. bxa4 Rxa4 30. c5 Ra5 31. Rb4 Bc8 32. Rc4 g5 33. Ke3 Kf6 34. Kd4 g4 35. Bg2 Ra2 36. Ke3 h5 37. Rf4+ Kg5 38. Rf1 Be6 39. Be4 Bc4 40. Rf5+ Kh6 41. Rf6+ Kg7 42. Rg6+ Kf7 43. Rh6 Rxe2+ 44. Kf4 Ba6 45. Rxh5 Re1 46. Rf5+ Ke6 47. Rg5 Rc1 48. Rxg4 Rxc3 49. Rg6+ Kf7 50. Rg5 Rc1 51. g4 Kf6 52. Rf5+ Kg7 53. g5 Bc4 54. Re5 Rf1+ 55. Ke3 Rf7 56. Kd4 Be2 57. Re8 Bh5 58. Ke5 Rf8 59. Re6 Bf7 60. Rh6 Re8+ 61. Kf5 Bg8 62. Kf4 Rf8+ 63. Bf5 Re8 64. Be4 Rf8+ 65. Ke5 Re8+ 66. Kd4 Rd8+ 67. Rd6 Re8 68. Bf5 Re1 69. Rd7+ Kf8 70. Rxb7 Rd1+ 71. Ke4 Rc1 72. g6 Rxc5 73. g7+ Ke8 74. Bg6+ 1-0

[Event "HUN-chT2 Toth 1617"]
[Site "Hungary"]
[Date "2017.02.26"]
[Round "9.10"]
[White "Kopias, Ferenc"]
[Black "Illes, David Mark"]
[Result "1-0"]
[WhiteElo "1823"]
[BlackElo "1711"]
[PlyCount "133"]
[EventDate "2016.09.25"]
[EventType "team-tourn"]
[EventRounds "11"]
[EventCountry "HUN"]
[SourceTitle "EXT 2021"]
[Source "ChessBase"]
[SourceDate "2020.10.23"]
[SourceVersion "1"]
[SourceVersionDate "2020.10.23"]
[SourceQuality "1"]
[WhiteTeam "Mako Duocor II"]
[BlackTeam "Karcag"]
[WhiteTeamCountry "HUN"]
[BlackTeamCountry "HUN"]

1. Nf3 Nf6 2. b3 g6 3. Bb2 Bg7 4. g3 0-0 5. Bg2 c5 6. c4 Nc6 7. Nc3 d6 8. d3 Bd7 9. Qd2 Rb8 10. 0-0 a6 11. a4 Na5 12. Qc2 Qb6 13. Nd2 Nc6 14. Na2 Qc7 15. Rab1 b5 16. axb5 axb5 17. Nc3 Nd4 18. Qd1 b4 19. Nce4 Nxe4 20. Nxe4 Bc6 21. e3 Ne6 22. d4 cxd4 23. exd4 d5 24. cxd5 Bxd5 25. Nf6+ Bxf6 26. Bxd5 Qd6 27. Bxe6 Qxe6 28. d5 Qd6 29. Bxf6 Qxf6 30. Rc1 Qd6 31. Rc6 Qd7 32. Qf3 Rfc8 33. Rfc1 Rxc6 34. dxc6 Qc7 35. Kg2 Rb6 36. Qd5 Rb8 37. Qd7 Rc8 38. Qxc7 Rxc7 39. Kf3 Kf8 40. Ke4 e6 41. Kd4 Ke7 42. Kc5 Rc8 43. Kxb4 Rb8+ 44. Kc5 Rxb3 45. Rd1 Rc3+ 46. Kb6 Rb3+ 47. Kc7 Rb2 48. Rd7+ Ke8 49. Rd8+ Ke7 50. Rb8 Rxf2 51. Rb7 Rc2 52. Kb8+ Kd6 53. c7 f5 54. c8Q Rxc8+ 55. Kxc8 g5 56. Rb6+ Kd5 57. Kd7 e5 58. Rb5+ Kd4 59. Ke6 f4 60. gxf4 gxf4 61. Rxe5 f3 62. h4 f2 63. Rf5 Ke3 64. h5 Ke2 65. Kf6 f1Q 66. Rxf1 Kxf1 67. Kg7 1-0

[Event "HUN-chT2 Toth 1617"]
[Site "Hungary"]
[Date "2016.10.30"]
[Round "3.8"]
[White "Doman, Csaba"]
[Black "Kopias, Ferenc"]
[Result "0-1"]
[WhiteElo "1801"]
[BlackElo "1823"]
[PlyCount "100"]
[EventDate "2016.09.25"]
[EventType "team-tourn"]
[EventRounds "11"]
[EventCountry "HUN"]
[SourceTitle "EXT 2021"]
[Source "ChessBase"]
[SourceDate "2020.10.23"]
[SourceVersion "1"]
[SourceVersionDate "2020.10.23"]
[SourceQuality "1"]
[WhiteTeam "Nadudvar"]
[BlackTeam "Mako Duocor II"]
[WhiteTeamCountry "HUN"]
[BlackTeamCountry "HUN"]

1. d4 f5 2. f4 Nf6 3. g3 g6 4. b3 Bg7 5. Bb2 0-0 6. Bg2 d6 7. Nf3 c6 8. Nc3 Nbd7 9. Ng5 Nb6 10. Qd2 h6 11. Nh3 a5 12. a3 Be6 13. e3 a4 14. b4 Nc4 15. Qc1 Ng4 16. Nd1 Qc7 17. Nhf2 Nxf2 18. Nxf2 Nxb2 19. Qxb2 Bc4 20. Qc3 b5 21. Nd3 Bxd3 22. cxd3 Rac8 23. Rc1 c5 24. 0-0 Qb6 25. bxc5 dxc5 26. dxc5 Bxc3 27. cxb6 Bd2 28. Rxc8 Bxe3+ 29. Kh1 Rxc8 30. b7 Rb8 31. Re1 Bc5 32. Rc1 Bd6 33. Rc8+ Kf7 34. Kg1 Kf6 35. Kf2 Ke6 36. Bc6 b4 37. axb4 a3 38. Bf3 Kd7 39. Rc2 Bxb4 40. Ke3 Bd6 41. Kd4 g5 42. fxg5 hxg5 43. Kc4 Rh8 44. Kb5 Be5 45. Bd5 f4 46. gxf4 Bxf4 47. Be6+ Kxe6 48. Rc8 Rxh2 49. b8Q Bxb8 50. Rxb8 Rb2+ 0-1

[Event "HUN-chT2 Toth 1516"]
[Site "Hungary"]
[Date "2015.11.29"]
[Round "5.9"]
[White "Zsiros, Laszlo"]
[Black "Kopias, Ferenc"]
[Result "1/2-1/2"]
[WhiteElo "1749"]
[BlackElo "1796"]
[PlyCount "35"]
[EventDate "2015.09.13"]
[EventType "team-tourn"]
[EventRounds "11"]
[EventCountry "HUN"]
[SourceTitle "CBM 170 Extra"]
[Source "ChessBase"]
[SourceDate "2016.02.25"]
[SourceVersion "1"]
[SourceVersionDate "2016.02.25"]
[SourceQuality "1"]
[WhiteTeam "Takisz"]
[BlackTeam "Mako SVSE II"]
[WhiteTeamCountry "HUN"]
[BlackTeamCountry "HUN"]

1. e4 c5 2. Nf3 Nc6 3. d4 cxd4 4. Nxd4 g6 5. c3 Bg7 6. Be3 Nf6 7. f3 0-0 8. Bc4 d6 9. Nxc6 bxc6 10. 0-0 Qc7 11. Nd2 a5 12. Qe2 a4 13. a3 Rb8 14. Rab1 Bd7 15. Bd3 Be6 16. Bc4 Bd7 17. Bd3 Be6 18. Bc4 1/2-1/2

[Event "HUN-chT2 Toth 1516"]
[Site "Hungary"]
[Date "2015.11.08"]
[Round "4.6"]
[White "Egyed, Viktoria"]
[Black "Kopias, Ferenc"]
[Result "1/2-1/2"]
[WhiteElo "1926"]
[BlackElo "1796"]
[PlyCount "84"]
[EventDate "2015.09.13"]
[EventType "team-tourn"]
[EventRounds "11"]
[EventCountry "HUN"]
[SourceTitle "CBM 170 Extra"]
[Source "ChessBase"]
[SourceDate "2016.02.25"]
[SourceVersion "1"]
[SourceVersionDate "2016.02.25"]
[SourceQuality "1"]
[WhiteTeam "Karcag"]
[BlackTeam "Mako SVSE II"]
[WhiteTeamCountry "HUN"]
[BlackTeamCountry "HUN"]

1. e4 c5 2. c3 d5 3. exd5 Qxd5 4. d4 Nf6 5. Nf3 Nc6 6. Be2 cxd4 7. cxd4 e6 8. Nc3 Qd6 9. 0-0 Be7 10. h3 a6 11. a4 0-0 12. Be3 Nd5 13. Ne4 Qd8 14. Rc1 Bd7 15. Bd3 f5 16. Nc3 Nxe3 17. fxe3 Bf6 18. Qe2 e5 19. Bc4+ Kh8 20. dxe5 Nxe5 21. Nxe5 Bxe5 22. Rfd1 Qe8 23. Nd5 Bxa4 24. b3 Bc6 25. Qf2 b5 26. Be2 Rd8 27. Bf3 Bxd5 28. Bxd5 Bb8 29. Qf3 Qe5 30. Bb7 Ba7 31. Rxd8 Rxd8 32. Re1 a5 33. Kf1 a4 34. bxa4 bxa4 35. Ba6 a3 36. Bc4 Qe4 37. Qxe4 fxe4 38. Ra1 Bc5 39. Ke2 g6 40. Rb1 Rc8 41. Be6 Rd8 42. Rb5 Bf8 1/2-1/2

[Event "HUN-chT2 Toth 1415"]
[Site "Hungary"]
[Date "2014.11.16"]
[Round "4.10"]
[White "Kopias, Ferenc"]
[Black "Gomori, Mihaly"]
[Result "1/2-1/2"]
[WhiteElo "1818"]
[BlackElo "1921"]
[PlyCount "120"]
[EventDate "2014.09.07"]
[EventType "team-tourn"]
[EventRounds "11"]
[EventCountry "HUN"]
[SourceTitle "EXT 2016"]
[Source "ChessBase"]
[SourceDate "2015.10.08"]
[SourceVersion "1"]
[SourceVersionDate "2015.10.08"]
[SourceQuality "1"]
[WhiteTeam "Mako II"]
[BlackTeam "Takisz"]
[WhiteTeamCountry "HUN"]
[BlackTeamCountry "HUN"]

1. Nf3 Nc6 2. b3 e5 3. d3 Nf6 4. Bb2 d6 5. Nbd2 g6 6. g3 Bg7 7. Bg2 0-0 8. 0-0 Ne7 9. c4 Nh5 10. Qc2 f5 11. c5 h6 12. cxd6 cxd6 13. Rac1 Be6 14. Qc7 Rb8 15. Ba3 Qxc7 16. Rxc7 Nd5 17. Rxg7+ Nxg7 18. Bxd6 f4 19. Bxb8 Rxb8 20. Nxe5 fxg3 21. hxg3 Nc3 22. Re1 g5 23. a4 Nf5 24. Bh3 Nd4 25. Bxe6+ Nxe6 26. e3 a6 27. Kf1 b5 28. Rc1 b4 29. d4 Rb7 30. Nb1 Nxb1 31. Rxb1 Rc7 32. Nc4 g4 33. Ke2 Kg7 34. d5 Nc5 35. d6 Rd7 36. Kd1 Ne4 37. Rb2 Kf6 38. Ke2 Ke6 39. Kd3 Nxd6 40. Nxd6 Rxd6+ 41. Kc4 a5 42. Re2 Ke5 43. Kb5 Rd5+ 44. Kb6 Ke4 45. Rc2 Kf3 46. Rc4 h5 47. Rf4+ Kg2 48. e4 Rd3 49. Kxa5 Rxb3 50. e5 Rf3 51. Kxb4 Kxf2 52. Rxf3+ gxf3 53. e6 Kxg3 54. e7 f2 55. e8Q f1Q 56. Qxh5 Qf8+ 57. Kb5 Qf1+ 58. Kb6 Qf6+ 59. Kc5 Qe7+ 60. Kc4 Qe4+ 1/2-1/2

[Event "HUN-chT2 Toth 1011"]
[Site "Hungary"]
[Date "2011.03.27"]
[Round "7.10"]
[White "Horvath, Adam"]
[Black "Kopias, Ferenc"]
[Result "0-1"]
[WhiteElo "2498"]
[BlackElo "1882"]
[PlyCount "66"]
[EventDate "2010.09.12"]
[EventType "team-tourn"]
[EventRounds "11"]
[EventCountry "HUN"]
[SourceTitle "EXT 2012"]
[Source "ChessBase"]
[SourceDate "2011.11.24"]
[SourceVersion "1"]
[SourceVersionDate "2011.11.24"]
[SourceQuality "1"]
[WhiteTeam "Csongrad Felegyhaza"]
[BlackTeam "Mako"]
[WhiteTeamCountry "HUN"]
[BlackTeamCountry "HUN"]

1. d4 f5 2. c4 Nf6 3. Nc3 g6 4. Nf3 Bg7 5. Bf4 c6 6. Qd2 d6 7. Bh6 0-0 8. Bxg7 Kxg7 9. e3 Bd7 10. Bd3 Na6 11. a3 Nc7 12. e4 fxe4 13. Nxe4 Nxe4 14. Bxe4 Ne8 15. Bd3 Nf6 16. Qg5 Qe8 17. h4 h6 18. Qe3 Ng4 19. Qe2 Qf7 20. 0-0-0 Rae8 21. Qc2 Qf4+ 22. Qd2 Nxf2 23. Qxf4 Rxf4 24. h5 Bf5 25. Bxf5 gxf5 26. Rhe1 Nxd1 27. Kxd1 Kf6 28. Kd2 e5 29. Kd3 e4+ 30. Kd2 Re7 31. Nh2 Rf2+ 32. Re2 Rxe2+ 33. Kxe2 Kg5 0-1

[Event "HUN-chT2 Toth 0910"]
[Site "Hungary"]
[Date "2010.02.28"]
[Round "7.6"]
[White "Kopias, Ferenc"]
[Black "Bodrogi, Laszlo"]
[Result "0-1"]
[WhiteElo "1964"]
[BlackElo "1975"]
[PlyCount "126"]
[EventDate "2009.11.08"]
[EventType "team-tourn"]
[EventRounds "11"]
[EventCountry "HUN"]
[SourceTitle "EXT 2011"]
[Source "ChessBase"]
[SourceDate "2010.11.26"]
[SourceVersion "1"]
[SourceVersionDate "2010.11.26"]
[SourceQuality "1"]
[WhiteTeam "Mako II"]
[BlackTeam "Abony"]
[WhiteTeamCountry "HUN"]
[BlackTeamCountry "HUN"]

1. Nf3 c5 2. c4 Nf6 3. g3 b6 4. Bg2 Bb7 5. Nc3 e6 6. 0-0 Be7 7. Qc2 Nc6 8. a3 0-0 9. e3 Rc8 10. b3 Re8 11. Bb2 Qc7 12. Ng5 h6 13. Nge4 Nxe4 14. Nxe4 f5 15. Nc3 Rf8 16. Rad1 Qb8 17. d4 cxd4 18. exd4 Bf6 19. Ne2 Ne7 20. Qd3 Bxg2 21. Kxg2 Qb7+ 22. Kg1 g5 23. Bc3 Rf7 24. Bb4 a5 25. Bd6 Qc6 26. Be5 Bxe5 27. dxe5 Ng6 28. Qc3 Qe4 29. Nc1 Qxe5 30. Qxe5 Nxe5 31. Rd6 Rc6 32. Rfd1 Kf8 33. Ne2 Ke7 34. Rxc6 Nxc6 35. Nc3 Kd8 36. Nb5 f4 37. Nd6 Rf8 38. c5 bxc5 39. Nb7+ Kc7 40. Nxc5 Rf7 41. gxf4 gxf4 42. Kg2 e5 43. b4 axb4 44. Na6+ Kb6 45. Nxb4 Nd4 46. f3 d6 47. Rc1 Rg7+ 48. Kf2 Ra7 49. Nd5+ Kb5 50. a4+ Ka5 51. Rg1 Rb7 52. Rg6 Rb2+ 53. Kf1 Rxh2 54. Rxd6 Nxf3 55. Nc3 Rc2 56. Rd3 Nd4 57. Rh3 f3 58. Ne4 Kxa4 59. Rh5 Kb4 60. Rxh6 Nf5 61. Rf6 Ne3+ 62. Kg1 Rc1+ 63. Kf2 Ng4+ 0-1

[Event "HUN-chT2 Toth 0809"]
[Site "Hungary"]
[Date "2009.04.24"]
[Round "10.10"]
[White "Kopias, Ferenc"]
[Black "Lovas, Peter"]
[Result "1-0"]
[WhiteElo "1950"]
[BlackElo "1825"]
[PlyCount "69"]
[EventDate "2008.10.26"]
[EventType "team-tourn"]
[EventRounds "11"]
[EventCountry "HUN"]
[SourceTitle "EXT 2010"]
[Source "ChessBase"]
[SourceDate "2010.11.25"]
[SourceVersion "1"]
[SourceVersionDate "2010.11.25"]
[SourceQuality "1"]
[WhiteTeam "Mako II"]
[BlackTeam "Nadudvar"]
[WhiteTeamCountry "HUN"]
[BlackTeamCountry "HUN"]

1. Nf3 d5 2. c4 c6 3. g3 Nf6 4. Bg2 Bf5 5. Qb3 Qc7 6. d4 dxc4 7. Qxc4 e6 8. Bf4 Bd6 9. Bxd6 Qxd6 10. Nc3 Nbd7 11. 0-0 0-0 12. Nh4 Bg6 13. Nxg6 hxg6 14. e3 Nd5 15. Ne4 Qe7 16. h4 N5f6 17. Ng5 Nb6 18. Qb3 Rad8 19. a4 Nbd5 20. Rfc1 Qb4 21. Qa2 Rc8 22. Rc4 Qe7 23. Rac1 Nb4 24. Qb3 a5 25. Rc5 Qd8 26. Bh3 Nd7 27. R5c3 Qb6 28. Nxe6 Nd5 29. Nxf8 Nxc3 30. Qxc3 Rxf8 31. Bxd7 Rd8 32. Bh3 Qc7 33. Bg2 Rd7 34. d5 Rd6 35. e4 1-0

[Event "HUN-chT2 Toth 0809"]
[Site "Hungary"]
[Date "2009.02.22"]
[Round "8.11"]
[White "Kopias, Ferenc"]
[Black "Sandor, Peter"]
[Result "1-0"]
[WhiteElo "1950"]
[BlackElo "2060"]
[PlyCount "71"]
[EventDate "2008.10.26"]
[EventType "team-tourn"]
[EventRounds "11"]
[EventCountry "HUN"]
[SourceTitle "EXT 2010"]
[Source "ChessBase"]
[SourceDate "2010.11.25"]
[SourceVersion "1"]
[SourceVersionDate "2010.11.25"]
[SourceQuality "1"]
[WhiteTeam "Mako II"]
[BlackTeam "Bekes"]
[WhiteTeamCountry "HUN"]
[BlackTeamCountry "HUN"]

1. Nf3 g6 2. c4 c5 3. Nc3 Bg7 4. g3 Nc6 5. Bg2 Nf6 6. 0-0 0-0 7. d4 cxd4 8. Nxd4 Rb8 9. a3 a6 10. b4 e5 11. Nb3 Re8 12. Bg5 h6 13. Bxf6 Bxf6 14. Ne4 Bg7 15. Nd6 Re6 16. Nc5 Re7 17. Ncxb7 Bxb7 18. Nxb7 Qc7 19. Nd6 e4 20. Rb1 f5 21. e3 Ne5 22. Qd5+ Re6 23. c5 Bf8 24. Rfd1 Nd3 25. Nc4 Qb7 26. Qxb7 Rxb7 27. Rxd3 Bxc5 28. Rd5 Bf8 29. Rbd1 Rc7 30. Bf1 Rec6 31. Ne5 Rc3 32. Nxg6 Rxa3 33. Nxf8 Kxf8 34. Rxd7 Rc2 35. Ra7 Ke8 36. Bb5+ 1-0

[Event "HUN-chT2 Toth 0809"]
[Site "Hungary"]
[Date "2008.11.02"]
[Round "2.9"]
[White "Kopias, Ferenc"]
[Black "Vamos, Viktor"]
[Result "0-1"]
[WhiteElo "1950"]
[BlackElo "2174"]
[PlyCount "76"]
[EventDate "2008.10.26"]
[EventType "team-tourn"]
[EventRounds "11"]
[EventCountry "HUN"]
[SourceTitle "EXT 2010"]
[Source "ChessBase"]
[SourceDate "2010.11.25"]
[SourceVersion "1"]
[SourceVersionDate "2010.11.25"]
[SourceQuality "1"]
[WhiteTeam "Mako II"]
[BlackTeam "Toth Laszlo"]
[WhiteTeamCountry "HUN"]
[BlackTeamCountry "HUN"]

1. Nf3 Nc6 2. d4 e6 3. g3 Nf6 4. Bg2 Bb4+ 5. c3 Be7 6. 0-0 d6 7. c4 e5 8. dxe5 Nxe5 9. Nxe5 dxe5 10. Qc2 c6 11. Nc3 Be6 12. b3 Qc8 13. Rd1 Bf5 14. e4 Bh3 15. Bh1 h5 16. Bg5 h4 17. Rd3 hxg3 18. fxg3 Bc5+ 19. Be3 Bxe3+ 20. Rxe3 Qd8 21. Na4 Qd4 22. Qc3 0-0-0 23. Bf3 Ng4 24. Qxd4 exd4 25. Bxg4+ Bxg4 26. Rd3 Rhe8 27. Re1 Bf5 28. Nc5 b6 29. Rf3 Bg6 30. Na6 f6 31. Nb4 Bxe4 32. Rf4 f5 33. g4 g5 34. Rf2 a5 35. Nxc6 Bxc6 36. Rxe8 Rxe8 37. Rxf5 d3 38. Rf2 Re1+ 0-1

[Event "HUN-chT2 Toth 0708"]
[Site "Hungary"]
[Date "2008.05.18"]
[Round "11"]
[White "Kopias, Ferenc"]
[Black "Czegledi, Zsolt"]
[Result "0-1"]
[WhiteElo "1962"]
[BlackElo "2196"]
[PlyCount "100"]
[EventDate "2007.10.14"]
[EventType "team"]
[EventRounds "11"]
[EventCountry "HUN"]
[SourceTitle "EXT 2009"]
[Source "ChessBase"]
[SourceDate "2008.11.26"]
[SourceVersion "1"]
[SourceVersionDate "2008.11.26"]
[SourceQuality "1"]
[WhiteTeam "Mako II"]
[BlackTeam "Takisz"]
[WhiteTeamCountry "HUN"]
[BlackTeamCountry "HUN"]

1. Nf3 d5 2. g3 Bg4 3. Bg2 Bxf3 4. Bxf3 e5 5. d3 f5 6. 0-0 Nf6 7. c4 e4 8. Bg2 c6 9. Bg5 Nbd7 10. Qb3 Qb6 11. Nd2 Bc5 12. dxe4 dxe4 13. Qxb6 Bxb6 14. Rad1 h6 15. Bxf6 Nxf6 16. Nb3 Ke7 17. c5 Bc7 18. Rd2 Rhd8 19. Rfd1 Be5 20. Nd4 g6 21. e3 a5 22. b3 Rd5 23. Rc2 Rad8 24. Rc4 Bb8 25. b4 Nd7 26. a3 Ne5 27. Rc3 Bc7 28. Rb1 axb4 29. axb4 Ra8 30. b5 Ra2 31. bxc6 bxc6 32. h3 h5 33. g4 hxg4 34. hxg4 Nxg4 35. Nxc6+ Kf6 36. Nb4 Rdd2 37. Nxa2 Rxa2 38. Rf1 Bh2+ 39. Kh1 Be5 40. Rb3 Rc2 41. c6 Nxf2+ 42. Kg1 Bg3 43. c7 Ng4 44. Bxe4 Rxc7 45. Kg2 Be5 46. Kh3 Rh7+ 47. Kg2 Rh2+ 48. Kf3 Rd2 49. Bxf5 gxf5 50. e4 Nh2+ 0-1

[Event "HUN-chT2 Toth 0708"]
[Site "Hungary"]
[Date "2007.11.11"]
[Round "2"]
[White "Kopias, Ferenc"]
[Black "Mike, Peter"]
[Result "1/2-1/2"]
[WhiteElo "1934"]
[BlackElo "1804"]
[PlyCount "101"]
[EventDate "2007.10.14"]
[EventType "team"]
[EventRounds "11"]
[EventCountry "HUN"]
[SourceTitle "EXT 2009"]
[Source "ChessBase"]
[SourceDate "2008.11.26"]
[SourceVersion "1"]
[SourceVersionDate "2008.11.26"]
[SourceQuality "1"]
[WhiteTeam "Mako II"]
[BlackTeam "Maroczy II"]
[WhiteTeamCountry "HUN"]
[BlackTeamCountry "HUN"]

1. Nf3 Nf6 2. g3 g6 3. Bg2 d5 4. b3 Bg7 5. Bb2 0-0 6. 0-0 Re8 7. d3 c5 8. Nbd2 Nc6 9. Ne5 Qc7 10. Nxc6 bxc6 11. Rb1 e5 12. e4 Bb7 13. Re1 Rad8 14. Qe2 d4 15. Rf1 Nh5 16. a4 Bc8 17. Ba3 Bf8 18. Nc4 f5 19. f3 f4 20. g4 Ng7 21. Bc1 g5 22. Bd2 Qe7 23. Na5 Qd6 24. b4 cxb4 25. Bxb4 Qc7 26. Nc4 Bxb4 27. Rxb4 Be6 28. Rfb1 Rb8 29. Qe1 c5 30. Rb5 Rxb5 31. Rxb5 Bxc4 32. dxc4 Ne6 33. Qb1 Re7 34. Qb2 Nd8 35. Qa3 Nb7 36. a5 a6 37. Rb6 Nd6 38. Qb3 Re8 39. Rxa6 Rb8 40. Rb6 Rxb6 41. axb6 Qb7 42. Qa4 Qxb6 43. Qa8+ Kg7 44. Qd5 Nf7 45. Bf1 Qa5 46. Bd3 Qe1+ 47. Kg2 Qd2+ 48. Kf1 Qd1+ 49. Kg2 Qd2+ 50. Kg1 Qe1+ 51. Kg2 1/2-1/2

[Event "HUN-chT2 Toth 0506"]
[Site "Hungary"]
[Date "2006.03.19"]
[Round "9"]
[White "Horvath, Antal Jr"]
[Black "Kopias, Ferenc"]
[Result "1-0"]
[WhiteElo "1945"]
[BlackElo "1952"]
[PlyCount "135"]
[EventDate "2005.10.16"]
[EventType "team"]
[EventRounds "11"]
[EventCountry "HUN"]
[SourceTitle "EXT 2009"]
[Source "ChessBase"]
[SourceDate "2008.11.26"]
[SourceVersion "1"]
[SourceVersionDate "2008.11.26"]
[SourceQuality "1"]
[WhiteTeam "Oroshaza"]
[BlackTeam "Mako"]
[WhiteTeamCountry "HUN"]
[BlackTeamCountry "HUN"]

1. e4 Nf6 2. Nc3 d5 3. exd5 Nxd5 4. Nf3 Bg4 5. Bc4 e6 6. Bxd5 exd5 7. Qe2+ Be7 8. Qb5+ Bd7 9. Qxd5 Nc6 10. a3 Qc8 11. 0-0 Be6 12. Qb5 a6 13. Qe2 Qd7 14. h3 g5 15. d4 0-0-0 16. d5 Bxd5 17. Nxd5 Qxd5 18. Be3 Qf5 19. c4 Rhe8 20. b4 g4 21. Nh2 gxh3 22. b5 axb5 23. cxb5 Nd4 24. Bxd4 Rxd4 25. Qe3 hxg2 26. Rfc1 Qe4 27. Qh3+ Kb8 28. Re1 Qg6 29. Qc3 Red8 30. Rxe7 Qd6 31. Rae1 Rd3 32. Qe5 Qxe5 33. R7xe5 Rxa3 34. Re8 Kc8 35. Rxd8+ Kxd8 36. Rb1 Kd7 37. Kxg2 Ra4 38. Kg3 f5 39. f4 Ra3+ 40. Nf3 h5 41. Re1 c5 42. Kf2 Ra4 43. Ne5+ Kc7 44. Kf3 Rb4 45. Nd3 Rb3 46. Re3 Rxb5 47. Re5 Rb3 48. Ke2 b6 49. Rxf5 h4 50. Rh5 c4 51. Ne5 h3 52. Nxc4 Rb4 53. Ne3 Rb2+ 54. Kf3 h2 55. Ng2 Rb3+ 56. Kg4 Rb2 57. Rxh2 b5 58. Rh7+ Kd6 59. Ne3 Ke6 60. Rh6+ Kf7 61. Kg5 b4 62. f5 Rb1 63. Rh7+ Kg8 64. Rb7 b3 65. Ng4 b2 66. Kg6 Kf8 67. f6 Re1 68. Rxb2 1-0

[Event "HUN-chT2 Toth 0405"]
[Site "Hungary"]
[Date "2005.02.20"]
[Round "8"]
[White "Kopias, Ferenc"]
[Black "Nagy, Jozsef"]
[Result "0-1"]
[WhiteElo "2030"]
[BlackElo "1914"]
[PlyCount "98"]
[EventDate "2004.09.26"]
[EventType "team"]
[EventRounds "11"]
[EventCountry "HUN"]
[SourceTitle "EXT 2009"]
[Source "ChessBase"]
[SourceDate "2008.11.26"]
[SourceVersion "1"]
[SourceVersionDate "2008.11.26"]
[SourceQuality "1"]
[WhiteTeam "Mako II"]
[BlackTeam "Szentes"]
[WhiteTeamCountry "HUN"]
[BlackTeamCountry "HUN"]

1. Nf3 d5 2. g3 Nf6 3. Bg2 e6 4. 0-0 c5 5. b3 Nc6 6. Bb2 Be7 7. d3 0-0 8. Nbd2 Qc7 9. e3 Rb8 10. d4 b6 11. c4 cxd4 12. Nxd4 Nxd4 13. Bxd4 Bb7 14. cxd5 Bxd5 15. Rc1 Qd8 16. e4 Bb7 17. Bb2 Rc8 18. Qe2 Rxc1 19. Rxc1 Qd7 20. e5 Nd5 21. Qh5 Nf4 22. gxf4 Bxg2 23. Nc4 Bb7 24. Ne3 Bc5 25. Qe2 Qc6 26. f3 Qxf3 27. Qxf3 Bxf3 28. Kf2 Bb7 29. Rd1 Bd5 30. Ke2 Rd8 31. Nxd5 Rxd5 32. Rxd5 exd5 33. Kd3 a5 34. Bd4 Kf8 35. a3 Ke7 36. b4 axb4 37. axb4 Bxb4 38. Bxb6 Ke6 39. h3 Ba3 40. Be3 Bb2 41. Ke2 Kf5 42. Kf3 d4 43. Bd2 Bc3 44. Bc1 d3 45. Be3 d2 46. Ke2 Ke4 47. Bc5 Kxf4 48. Bf8 g6 49. Bg7 Bxe5 0-1